Statistics for Danny's favourite NRL players since 2005

Click here to take the quiz!

General Stats

  • This quiz has been taken 5 times
  • The average score is 3 of 15

Answer Stats

Answer% Correct
Greg Inglis
80%
Cameron Smith
80%
Billy Slater
60%
Darren Lockyer
60%
Johnathon Thurston
20%
Scott Prince
20%
Matthew Bowen
0%
Rhys Wesser
0%
Shaun Berrigan
0%
Daly Cherry-Evans
0%
Brett Stewart
0%
Preston Campbell
0%
Aaron Payne
0%
Tim Smith
0%
Benjy Marshall
0%

Score Distribution

Percentile by Number Answered

Percent of People with Each Score

Your Score History

You have not taken this quiz